حصن حصین (Record no. 553780)

000 -LEADER
fixed length control field 00319nam a22001217a 4500
082 ## - DEWEY DECIMAL CLASSIFICATION NUMBER
Classification number 297.124
Author Mark HAS
-- L-31,P-147
100 ## - MAIN ENTRY--PERSONAL NAME
Personal name Idress, Mulana Muhammad
9 (RLIN) 51039
245 ## - TITLE STATEMENT
Title حصن حصین
260 ## - PUBLICATION, DISTRIBUTION, ETC.
Place of publication, distribution, etc. karachi,
Name of publisher, distributor, etc. Taj Company,
Date of publication, distribution, etc. 2000.
300 ## - PHYSICAL DESCRIPTION
Extent 341p.
526 ## - STUDY PROGRAM INFORMATION NOTE
Program name 0
Interest level 0
Reading level 0
Title point value 297_124000000000000_HAS
942 ## - ADDED ENTRY ELEMENTS (KOHA)
Source of classification or shelving scheme
Koha item type Book
Holdings
Withdrawn status Lost status Source of classification or shelving scheme Damaged status Not for loan Permanent Location Current Location Date acquired Total Checkouts Full call number Barcode Date last seen Price effective from Koha item type
          Military College of Engineering (MCE) Military College of Engineering (MCE) 03/15/2017   297.124 HAS MCE-9078 03/15/2017 03/15/2017 Book
© 2023 Central Library, National University of Sciences and Technology. All Rights Reserved.